Designing and Managing a Research Project (Record no. 177680)

MARC details
000 -LEADER
fixed length control field 00518nam a2200205Ia 4500
008 - FIXED-LENGTH DATA ELEMENTS--GENERAL INFORMATION
fixed length control field 240823s9999||||xx |||||||||||||| ||und||
020 ## - INTERNATIONAL STANDARD BOOK NUMBER
International Standard Book Number 81-7829-459-1
082 ## - DEWEY DECIMAL CLASSIFICATION NUMBER
-- 001.42 P5
100 ## - MAIN ENTRY--PERSONAL NAME
Personal name "Polonsky,Michael Jay"
245 #0 - TITLE STATEMENT
Title Designing and Managing a Research Project
250 ## - EDITION STATEMENT
Edition statement 1st
260 ## - PUBLICATION, DISTRIBUTION, ETC. (IMPRINT)
Date of publication, distribution, etc 2005
Name of publisher, distributor, etc "Response Books,New "
500 ## - GENERAL NOTE
General note YES
650 ## - SUBJECT ADDED ENTRY--TOPICAL TERM
Topical term or geographic name as entry element Research
700 ## - ADDED ENTRY--PERSONAL NAME
Personal name " Waller,David S"
942 ## - ADDED ENTRY ELEMENTS (KOHA)
Item type Books
Holdings
Withdrawn status Lost status Damaged status Permanent location Current location Shelving location Date acquired Source of acquisition Cost, normal purchase price Full call number Barcode Date last seen Koha item type
      CENTRAL LIBRARY, NOORUL ISLAM CENTRE FOR HIGHER EDUCATION CENTRAL LIBRARY, NOORUL ISLAM CENTRE FOR HIGHER EDUCATION   09/01/2007 Tamil Nadu Book House 375.00 001.42 P5 31178 08/23/2024 Books
Visitors:
Copyright © 2024 Central Library NICHE.  All rights reserved.